Sports Quiz

Random Sports or NBA Quiz

Best NBA players not in HOF Quiz Stats

 Plays Quiz not verified by Sporcle

Challenge
Share
Tweet
Embed
Score 0/30 Timer 13:00
0 Plays Today
Team Player % Correct
PHO-CLE/ PG Kevin Johnson
73.5%
MIL-LAC-GSW/ SG Marques Johnson
73.5%
PHI-DET-GSW-WSH-SAC/ PF Chris Webber
72.4%
GSW-DEN-DAL-MIA-IND/ PG Tim Hardaway
66.3%
NYK-ORL-MIA-PHO/ PG Penny Hardaway
66.3%
SEA-CLE-POR-ORL/ PF Shawn Kemp
62.2%
DEN-NYK-HOU-LAC-IND-UTA-TOR/ PG Marc Jackson
60.2%
NJN-NYK-POR/ PF Buck Williams
60.2%
GSW-SEA-WSH-ATL/ PF Gus Williams
60.2%
DEN-PHI/ SF Bobby Jones
60.2%
DET-WSH-CLE-ORL-CHI/ CBen Wallace
57.1%
PHO-DEN-POR/ SF Walter Davis
52%
CLE-WSH-GSW-ORL/ PG Mark Price
52%
MIA-CHA-HOU-NYK-LAL-LAC/ SF Glen Rice
48%
SEA-DAL-POR-IND/ SF Detlef Schrempf
46.9%
Team Player % Correct
LAL/ SG Michael Cooper
46.9%
DAL-DET-LAC/ SF Mark Aguirre
43.9%
DEN-POR-NYK-LAC/ SF Kiki Vandeweghe
43.9%
ATL-MIL/ SG Sidney Moncrief
42.9%
SDC-MIL-SAS-SEA-PHI-NYK-GSW/ PF Terry Cummings
42.9%
SDC-SEA-PHO-UTA-CHH-PHI/ PF Tom Chambers
39.8%
ATL-PHi-NJN-NYK-SAN/ PG Maurice Cheeks
38.8%
CLE-DET/ PF Bill Laimbeer
38.8%
SEA-MIL/ PF Jack Sikma
37.8%
PHI-SDC-GSW-CLE-PHI-HOU/ SG World B. Free
36.7%
HOU/ SF Rudy Tomjanovich
35.7%
ATL- LAL/ SG Lou Hudson
33.7%
MIL- WSH/ PF Bob Dandridge
33.7%
DEN-PHI-IND/ PF George McGinnis
23.5%
ATL-PHI-GSW-LAL/ PF Bill Bridges
10.2%

You're not logged in!

Compare scores with friends on all Sporcle quizzes.
Join for Free
OR
Log In

You Might Also Like...

Show Comments

Extras

Top Quizzes Today


Score Distribution

Your Account Isn't Verified!

In order to create a playlist on Sporcle, you need to verify the email address you used during registration. Go to your Sporcle Settings to finish the process.

Report this User

Report this user for behavior that violates our Community Guidelines.

Details: